Koneman. Diagnóstico microbiológico: Texto y atlas

Saved in:
Bibliografiske detaljer
Hovedforfatter: Procop, Gary W (autor)
Andre forfattere: Church, Deirdre L (autora), Hall, Geraldine S (autora), Janda, William M (autor), Koneman, Elmer W (autor), Schreckenberger, Paul C (autor), Woods, Gail L (autor)
Format: Bog
Sprog:spansk
Udgivet: Philadelphia, Estados Unidos: Wolters Kluwer, 2018.
Udgivelse:7a. edición.
Fag:
Tags: Tilføj Tag
Ingen Tags, Vær først til at tagge denne postø!

MARC

LEADER 00000cam a2200000 a 4500
001 UCC3476
003 CL-VaPUC
005 20250228100451.0
008 180527e20180000us |||||||||||||||||spa|d
999 |c 371174  |d 371172 
020 |a 9788416781669 
040 |c Pontificia Universidad Católica de Valparaíso 
082 0 4 |a 616.01 PRO 2018  |2 21 
100 0 |a Procop, Gary W  |e autor  |9 597474 
245 1 0 |a Koneman. Diagnóstico microbiológico: Texto y atlas 
250 |a 7a. edición. 
260 |a Philadelphia, Estados Unidos:  |b Wolters Kluwer,  |c 2018. 
300 |a 1606 páginas ;  |b ilustraciones.  
583 |a last modification  |c 20180527 18:33:00  |k Rodrigo Vera 
650 0 |a Microbiología   |9 259706 
650 0 |a Diagnóstico clínico   |9 419858 
650 0 |a Bacteriología  |9 259330 
650 0 |a Virología  |9 327250 
650 0 |a Enfermedades infecciosas  |9 337719 
700 0 |a Church, Deirdre L  |e autora  |9 597475 
700 0 |a Hall, Geraldine S  |e autora  |9 597476 
700 0 |a Janda, William M  |e autor  |9 597477 
700 |a Koneman, Elmer W  |e autor  |9 597478 
700 0 |a Schreckenberger, Paul C  |e autor  |9 597479 
700 0 |a Woods, Gail L  |e autor  |9 597480 
942 |c BK  |2 ddc 
945 |d 20180527 18:33:00  |a dcastane 
952 |0 0  |1 0  |3 erd  |4 0  |6 616_010000000000000_PRO_2018  |7 0  |8 A  |9 488085  |a BIBCUR  |b BIBCUR  |i 5471443  |l 6  |o 616.01 PRO 2018  |p 5471443  |r 2024-06-07  |s 2024-06-07  |w 2019-11-24  |y BK  |z Catalogado en:20180527  |k TEM 
952 |0 0  |1 0  |2 ddc  |4 0  |6 616_010000000000000_PRO_2018  |7 0  |8 A  |9 592130  |a BIBCUR  |b BIBCUR  |c GEN  |d 2023-10-25  |e 1  |g 227654.00  |i 5659136  |l 5  |m 3  |o 616.01 PRO 2018  |p 5659136  |r 2025-05-05  |s 2025-04-11  |t 2  |v 227654.00  |w 2023-10-25  |y BK  |k TEM